000 00285nam a22001217a 4500
082 _a030
_bFUN/S-17
100 _aFUNK
100 _aWAGNALLS
245 _aNEW ENCYCLOPEDIA OF SCIENCE: VOL 17: RAI -SCH
260 _aWISCONSIN
_bRAINTREE
650 _aENCYCLOPEDIA
_zAMERICA
942 _cBK
999 _c1949
_d1949